SZA - Kitchen (All Lyrics) - Statistics

General Stats
  • This quiz has been taken 17 times
  • The average score is 201 of 218
Answer Stats
Answer % Correct
a
100%
again
100%
back
100%
can't
100%
Dancing
100%
Dancing,
100%
do
100%
don't
100%
I
100%
kitchen
100%
listen,
100%
Mama
100%
me
100%
the
100%
to
100%
told
100%
You
100%
you
100%
(Ah)
92%
(ah)
92%
all
92%
and
92%
be
92%
bottom,
92%
choose
92%
for
92%
forget,
92%
forgive
92%
got
92%
hard
92%
history
92%
hit
92%
I'll
92%
it
92%
it)
92%
kissing,
92%
know
92%
let
92%
like
92%
lose
92%
make
92%
Makes
92%
mean
92%
Must
92%
(Oh)
92%
(oh)
92%
(Ooh,
92%
pussy
92%
real
92%
right
92%
shrooms,
92%
So
92%
so
92%
that
92%
That
92%
That's
92%
thing
92%
we
92%
abuse
83%
been
83%
Crashing
83%
dick
83%
good
83%
him
83%
in
83%
my
83%
on
83%
out
83%
problems
83%
reason
83%
rock
83%
royalty
83%
solves
75%
Vacationing
75%
Cursing
67%
no
67%
them
67%
think
58%
guard
50%
forgice
0%
No matching quizzes found
Score Distribution
Percent of People with Each Score
Percentile by Number Answered
Your Score History
You have not taken this quiz